[Event "Reykjavik Open 2025"]
[Site "Reykjavik"]
[Date "2025.04.13"]
[Round "6.180"]
[White "Arnarson, Erlingur"]
[Black "Fjeldsted, Andres"]
[Result "1/2-1/2"]
[WhiteElo "1438"]
[WhiteFideId "2329867"]
[BlackElo "1704"]
[BlackFideId "2321378"]
[Variant "Standard"]
[StudyName "Ropen 2025 - Rd6 - Boards 173-END"]
1. e4 e6 2. e5 d5 3. d4 c5 4. c3 Nc6 5. Nf3 cxd4 6. cxd4 Qb6 7. Qa4 Qb4+ 8. Nc3 Qxa4 9. Nxa4 Bd7 10. Nc3 f6 11. a3 Rc8 12. Bb5 Nge7 13. O-O Ng6 14. Re1 Kf7 15. Bd2 Be7 16. h4 h5 17. Bd3 f5 18. g3 Nf8 19. b4 b6 20. b5 Na5 21. Reb1 Nc4 22. Ne2 Nxd2 23. Nxd2 Nh7 24. a4 Rc7 25. Rc1 Rhc8 26. Rxc7 Rxc7 27. Rc1 Rxc1+ 28. Nxc1 g6 1/2-1/2

[Event "Reykjavik Open 2025"]
[Site "Reykjavik"]
[Date "2025.04.13"]
[Round "6.186"]
[White "Fisker, Bo Top"]
[Black "Ernisson, Petur Ulfar"]
[Result "0-1"]
[WhiteElo "1451"]
[WhiteFideId "2330911"]
[BlackElo "1602"]
[BlackFideId "2326116"]
[Variant "Standard"]
[StudyName "Ropen 2025 - Rd6 - Boards 173-END"]
1. e4 e5 2. Nf3 Nc6 3. Bc4 Bc5 4. Nc3 Nf6 5. d3 h6 6. O-O d6 7. h3 g5 8. Bxg5 hxg5 9. Nxg5 Rf8 10. Kh2 Ng4+ 11. hxg4 Qxg5 12. Qf3 Bxg4 13. Qg3 Rh8+ 14. Kg1 Qh5 15. Bxf7+ Kxf7 16. Qxg4 Qh2# 0-1

[Event "Reykjavik Open 2025"]
[Site "Reykjavik"]
[Date "2025.04.13"]
[Round "6.187"]
[White "Thorhallsson, Gunnar Thor"]
[Black "Pacin, Ondrej"]
[Result "1-0"]
[WhiteElo "1416"]
[WhiteFideId "2331551"]
[BlackElo "1598"]
[BlackFideId "2660083"]
[Variant "Standard"]
[StudyName "Ropen 2025 - Rd6 - Boards 173-END"]
1. e4 c6 2. d4 d5 3. e5 c5 4. Nf3 cxd4 5. Nxd4 e6 6. Be3 a6 7. Qd2 h6 8. Nc3 Ne7 9. Bd3 Bd7 10. O-O Nbc6 11. Nxc6 Nxc6 12. Bf4 Bc5 13. Rfe1 b5 14. a3 Bd4 15. h3 Qb8 16. a4 Bxe5 17. Bxe5 Nxe5 18. axb5 Nxd3 19. Qxd3 axb5 20. Rxa8 Qxa8 21. Nxb5 Bxb5 22. Qxb5+ Ke7 23. Re3 Rb8 24. Qc5+ Ke8 25. Ra3 Qb7 26. Ra7 Rc8 27. Qa3 Qxa7 28. Qxa7 Rd8 29. b4 Rd7 30. Qa8+ Rd8 31. Qa4+ Ke7 32. b5 Kd7 33. b6+ Kd6 34. b7 Rb8 35. Qa7 Kc7 36. Qa8 Rxb7 37. Qf8 Rb1+ 38. Kh2 Rb2 39. Qxf7+ Kd6 40. Qxg7 Rxc2 41. Qxh6 Rxf2 42. Qe3 Rf5 43. h4 Rh5 44. Kg1 Re5 45. Qf4 d4 46. h5 Kd5 47. h6 Rh5 48. Qf3+ 1-0